000 00635nam a22002297a 4500
003 BUBTL
008 160128b xxu||||| |||| 00| 0 eng d
020 _a81-219-2496-0
082 _222
_a621.812MEP
100 _9272
_aMehta, V.K./ Mehta, Rohit
245 _aPrinciples of Power System
_cMehta, V.K./ Mehta, Rohit
250 _a4th
260 _aRam Nagar
_bS. Chand
_cc1982
300 _a[xv],608p
_c23cm
600 0 _9273
_aMehta, V.K./ Mehta, Rohit
650 0 _9274
_aEEE
700 _9275
_aMehta, V.K./ Mehta, Rohit
760 _b4th
856 _k0
_l0
_yDownload
942 _2ddc
_cBK
999 _c5123
_d5123